| 000 | 00858nam a2200253 i 4500 | ||
|---|---|---|---|
| 001 | 9051 | ||
| 003 | ES-MaACL | ||
| 005 | 20250728062552.0 | ||
| 007 | t| | ||
| 008 | 930202s1992 sp ||||1| spa d | ||
| 020 | _a84-470-0106-7 | ||
| 080 | _a342.8(46)"18" | ||
| 100 | 1 |
_aFernández Domínguez, Arturo. _949747 |
|
| 245 | 1 | 0 |
_aLeyes electorales españolas de diputados a Cortes en el siglo XIX _b: estudio histórico y jurídico-político / _cArturo Fernández Domínguez. |
| 250 | _a[1ª ed.]. | ||
| 260 |
_aMadrid : _bCivitas, _c1992. |
||
| 300 |
_a220 p. ; _c20 cm. |
||
| 490 | 1 | _aMonografías | |
| 500 | _aBibliogr.: p. [205]-213. | ||
| 650 | 1 | 4 |
_aDerecho electoral- _zEspaña- _yS.XIX. _911707 |
| 830 | 0 | 0 |
_aMonografías (Centro de Estudios Benaventanos "Ledo del Pozo") _9177262 |
| 852 |
_aES-MaACL _jL-16537 _bR.121127 |
||
| 999 |
_c9051 _d9051 |
||